Ecology and environment : The cycles of life

Bibliographic Details
Main Author: MORGAN
Format: Book
Published: Oxford : Andromeda , 1995
Subjects:

MARC

LEADER 00000cam a2200000 7i4500
001 0000001149
005 20140112.0
020 0 0 |a 1871869544 
090 0 0 |a R574.5   |b MOR 1995 
100 1 0 |a MORGAN   |h Sally 
245 1 0 |a Ecology and environment :   |b The cycles of life   |c Sally Morgan 
260 0 0 |a Oxford :   |b Andromeda ,   |c 1995 
300 |a 160 p. :   |b col. ill., col. maps ;   |c 30 cm. 
500 0 0 |a Bibliography : (p. 152-153) and index 
650 0 0 |a Ecology 
650 0 0 |a Environmental sciences 
840 0 0 |a [The new encyclopedia of science] 
998 |a JPSM 
999 |a 0000002117   |b Monograph   |c Reference   |e Default branch